Prírodoveda pre 3. ročník základných škôl. (Pracovný zošit)

Bibliographic Details
Main Authors: Stanko, Ján (Author), Stanková, Anna (Author)
Other Authors: Rigdová, Marta (Illustrator)
Format: Book
Language:Slovak
PhysicalDescription:60 s. ilustr. 30 cm
Published: Bratislava Slovenské pedagogické nakladateľstvo 1997
ISBN:8008024933
Subjects:

MARC

LEADER 00000nam a2200000 a 4500
001 vtls001301577
003 SK-MaSNL
005 20260301155631.0
008 240313s1997 xo a r slo
015 |a SNBA1998/02-00583 
020 |a 8008024933 
035 |a SNK000253598 
035 |a urn:nbn:sk:snk-amlpg5 
035 |a urn:nbn:sk:snk-am00c3et 
035 |a 5B844409-D9B9-4B4B-9517-AB752F2DF9FC 
040 |a SNK  |b slo  |c SNK  |e AACR2 
041 0 |a slo 
044 |a xo  |c SK 
080 |a 372.85(075.2)(076.5)  |2 1981 
100 1 |a Stanko, Ján  |4 aut  |9 8242 
245 1 |a Prírodoveda pre 3. ročník základných škôl. (Pracovný zošit)  |c Ján Stanko, Anna Stanková 
260 |a Bratislava  |b Slovenské pedagogické nakladateľstvo  |c 1997 
300 |a 60 s.  |b ilustr.  |c 30 cm 
500 |a Ilustr. na front. 
500 |a Ilustr. Marta Rigdová 
650 0 7 |a prírodoveda  |x učebnice zákl. škôl (3. roč.)  |x zošity pracovné  |2 SNK  |9 294149 
655 7 |a učebnice  |2 SNK  |9 22521 
700 1 |a Stanková, Anna  |4 aut  |9 46948 
700 1 |a Rigdová, Marta  |4 ill  |9 46527 
919 |a 80-08-02493-3 
958 |a TL 
958 |a UX 
999 |c 802011  |d 803941 
952 |t P60, <09>, [BOOK], {629}  |a SNK  |b SNK  |y NEVYP  |7 0  |o snkB 1115  |i snk4182/970910  |0 0  |1 0  |4 0  |d 1997-09-09  |l 0  |r 2005-01-02 00:00:00  |w 2026-02-24 
952 |t P60, <03>, [BOOK], {603}  |a SNK  |b SNK  |y PREZ  |7 0  |p 17A0100761  |o snkSB 57713  |i snkKSP 10758/97  |0 0  |1 0  |4 0  |d 1997-10-14  |f 1  |l 0  |r 2025-04-09 00:00:00  |w 2026-02-24 
952 |t P60, <04>, [BOOK], {604}  |a SNK  |b SNK  |y VYP  |7 0  |p 17A0100762  |o snkSB 57713 D1  |i snkKSP 10759/97  |0 0  |1 0  |4 0  |d 1997-10-14  |l 0  |r 2005-01-02 00:00:00  |w 2026-02-24